| 000 | 00743nam a22002777a 4500 | ||
|---|---|---|---|
| 005 | 20250818135739.0 | ||
| 008 | 190114b xxu||||| |||| 00| 0 spa d | ||
| 020 | _a9789701513989 | ||
| 041 | _aESP | ||
| 082 | _a333.792.2 P426i3 | ||
| 100 |
_aPerales Benito, Tomás _951371 |
||
| 245 | _aInstalación de paneles solares térmicos | ||
| 250 | _a3 edición | ||
| 260 | _aMéxico | ||
| 260 | _bAlfaomega | ||
| 260 | _c2008 | ||
| 300 | _a160 páginas | ||
| 490 | _aElectrónica | ||
| 650 | _aENERGÍA SOLAR | ||
| 650 | _aFUENTE ENERGÉTICA | ||
| 650 | _aCOMPONENTES DE LAS INSTALACIONES | ||
| 650 | _aDIMENSIONES DE INSTALACIÓN | ||
| 650 | _aPROYECTOS DE INSTALACIÓN | ||
| 650 | _aSEGURIDAD E HIGIENE | ||
| 942 |
_cBK _2ddc |
||
| 999 |
_c11515 _d11515 |
||